Modification of the height, structure and allocation of public investment in education – the imperative of today
Investovanie do vzdelávania ako organická súčasť investovania do ľudského kapitálu. Potenciálne makroekonomické a mikroekonomické prínosy investícií do vzdelávania. Transformácia týchto investícií na reálne benefity.
Guardado en:
| Autor principal: | |
|---|---|
| Formato: | Capítulo de libro |
| Lenguaje: | inglés |
| Materias: | |
| Etiquetas: |
Sin Etiquetas, Sea el primero en etiquetar este registro!
|
MARC
| LEADER | 00000nla a2200000 4500 | ||
|---|---|---|---|
| 001 | 0237441 | ||
| 005 | 20240712104130.5 | ||
| 041 | 0 | |a eng | |
| 044 | |a CZ | ||
| 245 | 1 | 0 | |a Modification of the height, structure and allocation of public investment in education – the imperative of today |c Daria Rozborilova |
| 520 | |a Investovanie do vzdelávania ako organická súčasť investovania do ľudského kapitálu. Potenciálne makroekonomické a mikroekonomické prínosy investícií do vzdelávania. Transformácia týchto investícií na reálne benefity. | ||
| 610 | 2 | 0 | |a investície verejné |
| 610 | 2 | 0 | |a financovanie |
| 610 | 2 | 0 | |a vzdelávanie |
| 610 | 2 | 0 | |a rozpočty verejné |
| 610 | 2 | 0 | |a benefity |
| 610 | 2 | 0 | |a kapitál ľudský |
| 610 | 2 | 0 | |a zamestnanosť |
| 100 | 1 | |a Rozborilová, Dária | |